[Event "XI GRAN TORNEO INTERNACIONAL AFICIONADOS"]
[Site "Benidorm (Alicante - SPAIN)"]
[Date "2012.12.03"]
[Round "4"]
[White "Martin Rueda, Daniel"]
[Black "Alonso Alvarez, Aitor"]
[Result "1-0"]
[WhiteElo "2290"]
[BlackElo "2196"]
[PlyCount "51"]
[EventDate "2012.11.30"]
[EventRounds "10"]
[EventCountry "ESP"]

1. d4 d6 2. e4 Nf6 3. Nc3 e5 4. Nge2 Be7 5. h3 O-O 6. g4 exd4 7. Nxd4 Re8 8.
Bg2 d5 9. exd5 Bb4+ 10. Nde2 h5 11. Qd3 b6 12. Be3 Ba6 13. Qd4 Bc5 14. Qd2 Bxe2
15. Qxe2 Bb4 16. O-O-O Bxc3 17. bxc3 Qd6 18. Rd4 Qa3+ 19. Kd2 c6 20. dxc6 Nxc6
21. Bxc6 Rac8 22. Qb5 Re6 23. Qa4 Qe7 24. Bf3 Qc7 25. Rd3 b5 26. Qxa7 1-0

[Event "XI GRAN TORNEO INTERNACIONAL AFICIONADOS"]
[Site "Benidorm (Alicante - SPAIN)"]
[Date "2012.12.03"]
[Round "4"]
[White "Simon Padros, Emili"]
[Black "Parligras, Cosmin"]
[Result "1/2-1/2"]
[WhiteElo "2214"]
[BlackElo "2298"]
[PlyCount "60"]
[EventDate "2012.11.30"]
[EventRounds "10"]
[EventCountry "ESP"]

1. e4 c5 2. Nc3 Nc6 3. g3 g6 4. Bg2 Bg7 5. d3 d6 6. f4 e6 7. Nf3 Nge7 8. O-O
O-O 9. Bd2 b6 10. Rb1 Bb7 11. Ne2 Qd7 12. c3 e5 13. b4 cxb4 14. cxb4 b5 15. Qb3
d5 16. Be3 Rad8 17. Bc5 exf4 18. gxf4 dxe4 19. dxe4 Qd3 20. Qxd3 Rxd3 21. e5
Rfd8 22. Nc1 R3d7 23. Ng5 Nf5 24. Nb3 h6 25. e6 fxe6 26. Nxe6 Re8 27. Nxg7 Kxg7
28. Rfe1 Rxe1+ 29. Rxe1 Kf7 30. Kf2 Nce7 1/2-1/2

[Event "XI GRAN TORNEO INTERNACIONAL AFICIONADOS"]
[Site "Benidorm (Alicante - SPAIN)"]
[Date "2012.12.03"]
[Round "4"]
[White "Cano Gimenez, Vicente"]
[Black "Cruz Lledo, Pablo"]
[Result "1-0"]
[WhiteElo "2213"]
[BlackElo "2281"]
[PlyCount "169"]
[EventDate "2012.11.30"]
[EventRounds "10"]
[EventCountry "ESP"]

1. Nf3 d5 2. g3 Nf6 3. Bg2 e6 4. c4 Be7 5. O-O O-O 6. d4 Nbd7 7. Nc3 dxc4 8. e4
a6 9. a4 Rb8 10. e5 Nd5 11. Nd2 b5 12. axb5 axb5 13. Qh5 Nxc3 14. bxc3 Bb7 15.
Ne4 f5 16. exf6 Nxf6 17. Nxf6+ Bxf6 18. Bxb7 Rxb7 19. Ba3 Re8 20. Rfe1 c6 21.
Bb4 Rf7 22. Ra6 Qc8 23. Rea1 g6 24. Qc5 Be7 25. Qxc6 Qxc6 26. Rxc6 Bxb4 27.
cxb4 Rd7 28. Rb6 e5 29. d5 Rxd5 30. Ra7 e4 31. Rbb7 Rh5 32. Rg7+ Kh8 33. Rgc7
g5 34. Rab7 g4 35. Kg2 Ra8 36. Kg1 e3 37. fxe3 Rd5 38. Rxh7+ Kg8 39. Rhg7+ Kf8
40. Rxg4 Ra1+ 41. Kg2 c3 42. Rf4+ Ke8 43. Rh4 Rf5 44. Rhh7 Ra8 45. Rh8+ Rf8 46.
Rxf8+ Kxf8 47. Rc7 Ra2+ 48. Kh3 c2 49. Kg4 Rb2 50. Kf5 Rxb4 51. Rxc2 Rb3 52. e4
b4 53. Rc7 Rb2 54. h4 b3 55. Rb7 Rb1 56. g4 b2 57. Kg5 Kg8 58. h5 Kf8 59. h6
Re1 60. h7 Rh1 61. Rxb2 Kg7 62. Re2 Rxh7 63. Rf2 Rh8 64. e5 Re8 65. Rf5 Re6 66.
Kf4 Ra6 67. Rg5+ Kf7 68. Kf5 Ra1 69. e6+ Ke7 70. Rg7+ Kf8 71. Rb7 Rf1+ 72. Kg6
Rg1 73. g5 Rg2 74. Rf7+ Ke8 75. Kf6 Rf2+ 76. Kg7 Re2 77. e7 Rg2 78. g6 Re2 79.
Kg8 Rg2 80. g7 Rh2 81. Rf8+ Kxe7 82. Rf4 Ra2 83. Rh4 Kf6 84. Kh8 Ra5 85. g8=Q
1-0

[Event "XI GRAN TORNEO INTERNACIONAL AFICIONADOS"]
[Site "Benidorm (Alicante - SPAIN)"]
[Date "2012.12.03"]
[Round "4"]
[White "Diaz Velandia, Jose Manuel"]
[Black "Bas Mas, Jose Joaquin"]
[Result "1/2-1/2"]
[WhiteElo "2261"]
[BlackElo "2218"]
[PlyCount "43"]
[EventDate "2012.11.30"]
[EventRounds "10"]
[EventCountry "ESP"]

1. d4 Nf6 2. Nf3 d5 3. e3 e6 4. Bd3 c5 5. c3 Nc6 6. Nbd2 Bd6 7. O-O O-O 8. dxc5
Bxc5 9. e4 Qc7 10. Qe2 h6 11. e5 Ng4 12. Nb3 Bb6 13. Bf4 f6 14. Rae1 fxe5 15.
Bg3 Qf7 16. Bxe5 Ncxe5 17. Nxe5 Nxe5 18. Qxe5 Bc7 19. Qe2 e5 20. c4 e4 21. Bb1
dxc4 22. Nd2 1/2-1/2

[Event "XI GRAN TORNEO INTERNACIONAL AFICIONADOS"]
[Site "Benidorm (Alicante - SPAIN)"]
[Date "2012.12.03"]
[Round "4"]
[White "Gallardo Fernandez, Cesar"]
[Black "Scharrer, Patrick"]
[Result "1/2-1/2"]
[WhiteElo "2201"]
[BlackElo "2256"]
[PlyCount "137"]
[EventDate "2012.11.30"]
[EventRounds "10"]
[EventCountry "ESP"]

1. e4 c5 2. c3 g6 3. d4 cxd4 4. cxd4 d5 5. exd5 Nf6 6. Nf3 Nxd5 7. Bc4 Nb6 8.
Bb3 Bg7 9. O-O O-O 10. Nc3 Nc6 11. Be3 Na5 12. Bc2 Nac4 13. Bg5 Bg4 14. Qe2
Bxf3 15. Qxf3 Nxb2 16. Qxb7 Qxd4 17. Ne4 e6 18. Be3 Qd7 19. Qa6 Nd5 20. Bc5
Rfc8 21. Bb3 Nf4 22. Be3 Qd3 23. Qxd3 Nfxd3 24. Rab1 a5 25. Bd1 a4 26. Bf3 Ne5
27. Be2 Rc2 28. Bb5 a3 29. Rbc1 Rac8 30. Ba6 Rxc1 31. Rxc1 Rxc1+ 32. Bxc1 Nc6
33. Nd2 Nb4 34. Bc4 Nxc4 35. Nxc4 Nxa2 36. Bxa3 Nc3 37. Kf1 Nd5 38. Bd6 g5 39.
Ke2 f6 40. h3 h5 41. Ne3 Nxe3 42. Kxe3 f5 43. f3 Kf7 44. Bb4 h4 45. Be1 Be5 46.
Bb4 Bf4+ 47. Kd3 e5 48. Be1 Ke6 49. Bc3 Kd5 50. Bb4 e4+ 51. fxe4+ fxe4+ 52. Ke2
Ke5 53. Bc3+ Kf5 54. Be1 Bh2 55. Bf2 Bc7 56. Be3 g4 57. Bf2 Bd8 58. Be3 Bg5 59.
Bf2 Bf6 60. Be3 Be5 61. Bf2 Bf6 62. Be3 Be7 63. Bd2 Bc5 64. Be1 Be7 65. Bd2 Bg5
66. Be1 e3 67. Bb4 Ke4 68. Bc5 g3 69. Bb6 1/2-1/2

[Event "XI GRAN TORNEO INTERNACIONAL AFICIONADOS"]
[Site "Benidorm (Alicante - SPAIN)"]
[Date "2012.12.03"]
[Round "4"]
[White "Ivanov, Borislav"]
[Black "Sanchez Botella, Luis Javier"]
[Result "1-0"]
[WhiteElo "2201"]
[BlackElo "2253"]
[PlyCount "87"]
[EventDate "2012.11.30"]
[EventRounds "10"]
[EventCountry "ESP"]

1. d4 Nf6 2. c4 e6 3. g3 Bb4+ 4. Bd2 Qe7 5. Nf3 Nc6 6. Nc3 Bxc3 7. Bxc3 Ne4 8.
Rc1 O-O 9. Bg2 d6 10. d5 Nxc3 11. Rxc3 Nd8 12. O-O e5 13. c5 dxc5 14. Qc2 b6
15. Re3 f6 16. d6 cxd6 17. Nxe5 fxe5 18. Bxa8 Bf5 19. Be4 g6 20. Rf3 Qe6 21.
Rd1 Kg7 22. Bxf5 gxf5 23. Rfd3 Nf7 24. Qa4 Qe7 25. Ra3 Ra8 26. b4 Qc7 27. bxc5
bxc5 28. Qc2 Qd7 29. Rb1 Rc8 30. Rf3 e4 31. Ra3 d5 32. Ra5 d4 33. Rxc5 Rxc5 34.
Qxc5 d3 35. Qc3+ Kg6 36. exd3 Ng5 37. dxe4 fxe4 38. Rc1 Kh5 39. Qc6 Qd2 40.
Qe8+ Kg4 41. Qc8+ Kh5 42. h4 Nf3+ 43. Kg2 Ne5 44. Rc5 1-0

[Event "XI GRAN TORNEO INTERNACIONAL AFICIONADOS"]
[Site "Benidorm (Alicante - SPAIN)"]
[Date "2012.12.03"]
[Round "4"]
[White "Sos Andreu, Eric"]
[Black "Sadilek, Peter"]
[Result "1-0"]
[WhiteElo "2144"]
[BlackElo "2248"]
[PlyCount "103"]
[EventDate "2012.11.30"]
[EventRounds "10"]
[EventCountry "ESP"]

1. c4 Nf6 2. Nf3 e6 3. g3 d5 4. d4 Be7 5. Bg2 O-O 6. O-O dxc4 7. Qc2 b5 8. a4
b4 9. Ne5 Qxd4 10. Nd2 b3 11. Qxc4 Qxc4 12. Nexc4 Nd5 13. Nxb3 Nc6 14. Ne3 Ncb4
15. Nxd5 Nxd5 16. Nd4 Bf6 17. Rd1 c5 18. Nb5 Bb7 19. e4 Nb4 20. Rb1 a6 21. Nc3
Rfd8 22. Bf4 Nd3 23. Be3 Bc6 24. f4 Bxc3 25. bxc3 Bxa4 26. Rd2 c4 27. Ra1 Bb5
28. e5 Rac8 29. Bb7 Rb8 30. Bxa6 Bxa6 31. Rxa6 Rb1+ 32. Kg2 h5 33. Rc6 Ne1+ 34.
Kf2 Nd3+ 35. Kf3 Rf1+ 36. Ke4 f5+ 37. exf6 gxf6 38. Bd4 e5 39. Rxc4 Nxf4 40.
gxf4 Rxf4+ 41. Ke3 Rh4 42. Rg2+ Kh8 43. Bxe5 Rxc4 44. Bxf6+ Kh7 45. Bxd8 Rxc3+
46. Kf4 Rc4+ 47. Kg5 Rd4 48. Bf6 Rd5+ 49. Kh4 Rf5 50. Bg5 Kg6 51. Be3+ Kf7 52.
Rg5 1-0

[Event "XI GRAN TORNEO INTERNACIONAL AFICIONADOS"]
[Site "Benidorm (Alicante - SPAIN)"]
[Date "2012.12.03"]
[Round "4"]
[White "Suarez Uriel, Adrian"]
[Black "Mingarro Carceller, Sergi"]
[Result "1-0"]
[WhiteElo "2241"]
[BlackElo "2189"]
[PlyCount "67"]
[EventDate "2012.11.30"]
[EventRounds "10"]
[EventCountry "ESP"]

1. e4 e5 2. f4 d5 3. Nf3 exf4 4. exd5 Nf6 5. Nc3 Nxd5 6. Nxd5 Qxd5 7. d4 Bg4 8.
Bxf4 Nc6 9. c3 O-O-O 10. Be2 f6 11. O-O g5 12. Bg3 h5 13. h3 Bd7 14. Nd2 g4 15.
h4 Bh6 16. Bc4 Qa5 17. Nb3 Qa4 18. Qd3 Na5 19. Bd5 Bf8 20. Rxf6 Kb8 21. Nxa5
Qxa5 22. Bc4 Bc8 23. b4 Qa3 24. Bf4 a6 25. Be5 Bg7 26. Bxc7+ Ka8 27. Bxd8 Rxd8
28. Rff1 Qa4 29. Rae1 Qc6 30. a4 Bf6 31. b5 Qd6 32. g3 a5 33. Qe3 Kb8 34. Qf4
1-0

[Event "XI GRAN TORNEO INTERNACIONAL AFICIONADOS"]
[Site "Benidorm (Alicante - SPAIN)"]
[Date "2012.12.03"]
[Round "4"]
[White "Suarez Roa, Jose Francisco"]
[Black "Serna Lara, Sergio"]
[Result "1-0"]
[WhiteElo "2141"]
[BlackElo "2230"]
[PlyCount "55"]
[EventDate "2012.11.30"]
[EventRounds "10"]
[EventCountry "ESP"]

1. d4 d5 2. c4 c6 3. Nc3 Nf6 4. e3 g6 5. Nf3 Bg7 6. Be2 O-O 7. O-O a6 8. b3 Bf5
9. Nh4 Be6 10. Qc2 c5 11. cxd5 Nxd5 12. Nxd5 Qxd5 13. Bc4 Qg5 14. Bxe6 cxd4 15.
Bxf7+ Rxf7 16. Qc8+ Rf8 17. Qxb7 Nc6 18. Qxc6 Qxh4 19. exd4 Bxd4 20. Qc4+ Kh8
21. Be3 e5 22. Bxd4 exd4 23. Rad1 Rfd8 24. Rfe1 Rd6 25. Qc7 Rad8 26. Re8+ Rxe8
27. Qxd6 a5 28. h3 1-0

[Event "XI GRAN TORNEO INTERNACIONAL AFICIONADOS"]
[Site "Benidorm (Alicante - SPAIN)"]
[Date "2012.12.03"]
[Round "4"]
[White "Torres Ventosa, Pedro Eugenio"]
[Black "Garcia Ramos, Marcos"]
[Result "1-0"]
[WhiteElo "2289"]
[BlackElo "2138"]
[PlyCount "98"]
[EventDate "2012.11.30"]
[EventRounds "10"]
[EventCountry "ESP"]

1. e4 c5 2. Nf3 e6 3. c3 Nf6 4. e5 Nd5 5. Bc4 d6 6. exd6 Qxd6 7. O-O Be7 8. d4
O-O 9. Re1 Nc6 10. Nbd2 cxd4 11. Ne4 Qc7 12. cxd4 Rd8 13. Bd3 Nf6 14. Nc3 Bd7
15. Bg5 Nb4 16. Bf1 Rac8 17. Qb3 Bc6 18. Bxf6 gxf6 19. Be2 Nd5 20. Nxd5 Bxd5
21. Qe3 Kh8 22. b3 Rg8 23. Rac1 Qa5 24. a4 Qb4 25. Bc4 Qd6 26. h3 Rcf8 27. Rcd1
Rg7 28. Bxd5 Qxd5 29. Qe4 Qxb3 30. d5 Rfg8 31. g3 Bc5 32. Kg2 exd5 33. Qxd5
Qxd5 34. Rxd5 b6 35. Re4 Rb8 36. Rf4 a6 37. Rxf6 Be7 38. Rc6 Rb7 39. Ne5 Ba3
40. h4 Rg8 41. h5 Ra8 42. h6 b5 43. Rxa6 Rab8 44. axb5 Bc1 45. Nc6 Rc8 46. Nd4
Rcb8 47. Nf5 Kg8 48. Nd4 Rc8 49. Rc6 Rcb8 1-0

[Event "XI GRAN TORNEO INTERNACIONAL AFICIONADOS"]
[Site "Benidorm (Alicante - SPAIN)"]
[Date "2012.12.03"]
[Round "4"]
[White "Jordan Martinez, Miguel"]
[Black "Voiteanu, Gabriel"]
[Result "0-1"]
[WhiteElo "2147"]
[BlackElo "2281"]
[PlyCount "110"]
[EventDate "2012.11.30"]
[EventRounds "10"]
[EventCountry "ESP"]

1. e4 d5 2. exd5 Qxd5 3. Nc3 Qa5 4. d4 c6 5. Bc4 Nf6 6. Bd2 Qc7 7. Qe2 Bf5 8.
Nf3 e6 9. Bb3 Nbd7 10. Ne5 Nxe5 11. dxe5 Nd7 12. f4 h5 13. h3 h4 14. Be3 Bb4
15. O-O-O Bxc3 16. bxc3 Qa5 17. Kb2 O-O-O 18. Rd6 Nc5 19. Bxc5 Qxc5 20. Rhd1
Rxd6 21. Rxd6 a5 22. a4 Qb6 23. Qd1 g6 24. Rd7 Rd8 25. Rxd8+ Qxd8 26. Qe1 c5
27. Bc4 Qd7 28. Qf2 Qc6 29. Bd3 Bxd3 30. cxd3 b6 31. Qxh4 Qxg2+ 32. Kc1 Qe2 33.
Qh8+ Kc7 34. Qf6 Qxd3 35. Qxf7+ Kb8 36. Kb2 Qd2+ 37. Kb1 Qd1+ 38. Kb2 c4 39.
Qe8+ Kb7 40. Qb5 Qd2+ 41. Kb1 Qd3+ 42. Kc1 Qxc3+ 43. Kd1 Qd3+ 44. Ke1 Qe3+ 45.
Kd1 Qd3+ 46. Ke1 c3 47. Qe8 Kc7 48. Qe7+ Qd7 49. Qxd7+ Kxd7 50. Kd1 Kc6 51. Kc2
Kc5 52. Kxc3 b5 53. axb5 Kxb5 54. h4 Kc5 55. Kb3 Kd5 0-1

[Event "XI GRAN TORNEO INTERNACIONAL AFICIONADOS"]
[Site "Benidorm (Alicante - SPAIN)"]
[Date "2012.12.03"]
[Round "4"]
[White "Arata, Roberto Mario"]
[Black "Fuertes Romo, Jose Manuel"]
[Result "1-0"]
[WhiteElo "2205"]
[BlackElo "2033"]
[PlyCount "47"]
[EventDate "2012.11.30"]
[EventRounds "10"]
[EventCountry "ESP"]

1. d4 Nf6 2. c4 c5 3. d5 b5 4. Nf3 g6 5. cxb5 a6 6. Qc2 d6 7. e4 Bg7 8. Nc3 O-O
9. a4 axb5 10. Bxb5 Na6 11. O-O Nb4 12. Qe2 e6 13. dxe6 fxe6 14. Rd1 Bb7 15.
Ng5 Qe7 16. Bc4 Bc8 17. Nb5 Ne8 18. Nf3 h6 19. Be3 Na6 20. Qd2 Bb7 21. Bxh6
Bxe4 22. Bxg7 Nxg7 23. Ng5 Bf5 24. Nxd6 1-0

[Event "XI GRAN TORNEO INTERNACIONAL AFICIONADOS"]
[Site "Benidorm (Alicante - SPAIN)"]
[Date "2012.12.03"]
[Round "4"]
[White "Lopez Mulet, Inigo"]
[Black "Reyes Larenas, Luis"]
[Result "1/2-1/2"]
[WhiteElo "2064"]
[BlackElo "2198"]
[PlyCount "110"]
[EventDate "2012.11.30"]
[EventRounds "10"]
[EventCountry "ESP"]

1. d4 Nf6 2. c4 g6 3. f3 Bg7 4. e4 d6 5. Nc3 O-O 6. Nge2 e5 7. Bg5 exd4 8. Nxd4
Nc6 9. Nc2 Be6 10. Qd2 h6 11. Be3 Ne5 12. b3 a5 13. Be2 Kh7 14. O-O b6 15. h3
Nc6 16. f4 Nb4 17. Bf3 Nxc2 18. Qxc2 Rb8 19. Rad1 Qc8 20. a4 Kh8 21. g4 Ng8 22.
f5 Bd7 23. Nd5 Qd8 24. Qd2 Qh4 25. Kg2 Be5 26. Bf2 Qd8 27. Bd4 Re8 28. f6 Bxd4
29. Qxd4 Be6 30. Ne7 Kh7 31. Nc6 Qxf6 32. Nxb8 Qxd4 33. Rxd4 Rxb8 34. g5 Kg7
35. Bg4 Bxg4 36. hxg4 Re8 37. gxh6+ Nxh6 38. Kf3 f6 39. Rd2 Nf7 40. Re2 Ng5+
41. Kg2 Re5 42. Rfe1 Ne6 43. Re3 Kh6 44. Kg3 Kg5 45. Rd1 Nf4 46. Rh1 f5 47.
gxf5 gxf5 48. Rh7 Ne6 49. Re1 fxe4 50. Reh1 e3 51. R1h5+ Kf6 52. R7h6+ Kf7 53.
Rh7+ Kf6 54. R7h6+ Kf7 55. Rh7+ Kf6 1/2-1/2

[Event "XI GRAN TORNEO INTERNACIONAL AFICIONADOS"]
[Site "Benidorm (Alicante - SPAIN)"]
[Date "2012.12.03"]
[Round "4"]
[White "Picazo Lopez, Juan Antonio"]
[Black "Valiente Roy, Jose Javier"]
[Result "1/2-1/2"]
[WhiteElo "2191"]
[BlackElo "2020"]
[PlyCount "28"]
[EventDate "2012.11.30"]
[EventRounds "10"]
[EventCountry "ESP"]

1. d4 d5 2. c4 c6 3. Nc3 Nf6 4. Bg5 dxc4 5. a4 Qa5 6. Bxf6 exf6 7. e3 Bb4 8.
Rc1 Be6 9. Nf3 Nd7 10. Nd2 Nb6 11. Be2 O-O 12. O-O Rfd8 13. Qc2 Bf5 14. Qd1 Be6
1/2-1/2

[Event "XI GRAN TORNEO INTERNACIONAL AFICIONADOS"]
[Site "Benidorm (Alicante - SPAIN)"]
[Date "2012.12.03"]
[Round "4"]
[White "Johansen, Stian"]
[Black "Alberto, Manuel"]
[Result "1/2-1/2"]
[WhiteElo "2018"]
[BlackElo "2176"]
[PlyCount "104"]
[EventDate "2012.11.30"]
[EventRounds "10"]
[EventCountry "ESP"]

1. e4 c5 2. Nf3 d6 3. d4 cxd4 4. Nxd4 Nf6 5. Nc3 a6 6. Bg5 e5 7. Nf5 Bxf5 8.
exf5 Be7 9. Qd2 Nbd7 10. O-O-O Rc8 11. f3 O-O 12. g4 b5 13. Bxf6 Nxf6 14. a3
Nxg4 15. Ne4 d5 16. Qxd5 Qxd5 17. Rxd5 Ne3 18. Rd2 Nxf5 19. Bh3 g6 20. Rg1 Kh8
21. Rd7 Rce8 22. Bxf5 gxf5 23. Ng3 Bc5 24. Re1 e4 25. fxe4 f4 26. Nf5 f3 27. b4
Bb6 28. Nd6 f2 29. Rf1 Re6 30. Nxf7+ Kg8 31. Ng5 Rg6 32. Nh3 Rh6 33. Rd3 Rh4
34. Ng5 Rf6 35. e5 Rg6 36. Nf3 Re4 37. Kd2 h5 38. Rd6 Rxd6+ 39. exd6 Rf4 40.
Ke2 Rf6 41. Rd1 Re6+ 42. Kf1 Kf8 43. d7 Ke7 44. d8=Q+ Bxd8 45. Kxf2 Bb6+ 46.
Kf1 Re3 47. Rd3 Ke6 48. Rxe3+ Bxe3 49. Ke2 Bc1 50. c3 Bxa3 51. Kd3 a5 52. bxa5
Bd6 1/2-1/2

[Event "XI GRAN TORNEO INTERNACIONAL AFICIONADOS"]
[Site "Benidorm (Alicante - SPAIN)"]
[Date "2012.12.03"]
[Round "4"]
[White "Acebal Muniz, Antonio"]
[Black "Parals Marce, Luis"]
[Result "1/2-1/2"]
[WhiteElo "2160"]
[BlackElo "2000"]
[PlyCount "31"]
[EventDate "2012.11.30"]
[EventRounds "10"]
[EventCountry "ESP"]

1. Nf3 Nf6 2. c4 b6 3. g3 Bb7 4. Bg2 e6 5. O-O Be7 6. Nc3 O-O 7. d4 Ne4 8. Qc2
Nxc3 9. Qxc3 f5 10. b3 Bf6 11. Bb2 Qe7 12. Rfd1 d6 13. Rac1 Nd7 14. Qd2 Rad8
15. Bc3 c5 16. dxc5 1/2-1/2

[Event "XI GRAN TORNEO INTERNACIONAL AFICIONADOS"]
[Site "Benidorm (Alicante - SPAIN)"]
[Date "2012.12.03"]
[Round "4"]
[White "Henrichsen, Jens"]
[Black "Martinez Tormo, Jorge"]
[Result "1/2-1/2"]
[WhiteElo "1926"]
[BlackElo "2155"]
[PlyCount "50"]
[EventDate "2012.11.30"]
[EventRounds "10"]
[EventCountry "ESP"]

1. d4 d5 2. c4 e6 3. Nf3 f5 4. g3 Nf6 5. Bg2 c6 6. Qc2 Bd6 7. O-O O-O 8. b3 Ne4
9. Ba3 Bxa3 10. Nxa3 Nd7 11. Nb1 Qf6 12. Nbd2 b6 13. e3 Bb7 14. a4 a5 15. Rab1
c5 16. Qb2 Rfc8 17. Rfc1 Rc7 18. Rc2 Rac8 19. Rbc1 h6 20. Ne5 Nxe5 21. dxe5 Qe7
22. Nb1 Ng5 23. f4 Ne4 24. Na3 Bc6 25. Nb5 Bxb5 1/2-1/2

[Event "XI GRAN TORNEO INTERNACIONAL AFICIONADOS"]
[Site "Benidorm (Alicante - SPAIN)"]
[Date "2012.12.03"]
[Round "4"]
[White "Megias Ortiz, Vicente Manuel"]
[Black "De La Cruz Sanchez, Carlos G"]
[Result "0-1"]
[WhiteElo "2081"]
[BlackElo "2288"]
[PlyCount "38"]
[EventDate "2012.11.30"]
[EventRounds "10"]
[EventCountry "ESP"]

1. d4 Nf6 2. Bf4 g6 3. c3 Bg7 4. Qd2 c5 5. d5 Qb6 6. b3 Qa5 7. f3 e6 8. dxe6
fxe6 9. Bh6 O-O 10. Bxg7 Kxg7 11. c4 Qc7 12. Nc3 d5 13. e3 Nc6 14. Nb5 Qe5 15.
Rc1 a6 16. Na3 d4 17. e4 Nxe4 18. fxe4 Qxe4+ 19. Qe2 Rxf1+ 0-1

[Event "XI GRAN TORNEO INTERNACIONAL AFICIONADOS"]
[Site "Benidorm (Alicante - SPAIN)"]
[Date "2012.12.03"]
[Round "4"]
[White "Besga Lopez, Jose Angel"]
[Black "Lacrosse, Marc"]
[Result "0-1"]
[WhiteElo "2029"]
[BlackElo "2163"]
[PlyCount "36"]
[EventDate "2012.11.30"]
[EventRounds "10"]
[EventCountry "ESP"]

1. e4 e5 2. Nf3 Nc6 3. d4 exd4 4. Bc4 Bc5 5. O-O d6 6. b4 Bb6 7. a4 a6 8. Bb2
Bg4 9. b5 Ne5 10. Nxe5 Bxd1 11. Nxf7 Qh4 12. Rxd1 Nf6 13. Nxh8 Ng4 14. Be6 Nxf2
15. g3 Qxe4 16. Nd2 Qh1+ 17. Kxf2 d3+ 18. Bd4 Bxd4# 0-1

[Event "XI GRAN TORNEO INTERNACIONAL AFICIONADOS"]
[Site "Benidorm (Alicante - SPAIN)"]
[Date "2012.12.03"]
[Round "4"]
[White "Varga, Mariano"]
[Black "Plaza Agudo, Juan Francisco"]
[Result "0-1"]
[WhiteElo "2126"]
[BlackElo "2003"]
[PlyCount "66"]
[EventDate "2012.11.30"]
[EventRounds "10"]
[EventCountry "ESP"]

1. d4 d5 2. c4 e6 3. Nc3 Nf6 4. cxd5 exd5 5. Bg5 Be7 6. e3 O-O 7. Bd3 c6 8. Qc2
h6 9. Bh4 Re8 10. Nge2 Nbd7 11. O-O Ne4 12. Bxe7 Qxe7 13. Bxe4 dxe4 14. Ng3 Nf6
15. Rae1 b6 16. f3 exf3 17. gxf3 Nd5 18. Nxd5 cxd5 19. Qb3 Bh3 20. Rf2 Qd6 21.
Rc2 Rac8 22. Rec1 Rxc2 23. Rxc2 Rc8 24. Rxc8+ Bxc8 25. Qc2 Bh3 26. Ne2 Qb4 27.
Kf2 Qd6 28. Nf4 g5 29. Ne2 Qxh2+ 30. Ke1 Qh1+ 31. Kd2 Qxf3 32. Qc6 Bg4 33. Nc3
Qf2+ 0-1

[Event "XI GRAN TORNEO INTERNACIONAL AFICIONADOS"]
[Site "Benidorm (Alicante - SPAIN)"]
[Date "2012.12.03"]
[Round "4"]
[White "Plass, Mariana-Camelia"]
[Black "Sanchez Dengra, Barbara"]
[Result "1/2-1/2"]
[WhiteElo "2112"]
[BlackElo "1873"]
[PlyCount "66"]
[EventDate "2012.11.30"]
[EventRounds "10"]
[EventCountry "ESP"]

1. d4 d5 2. c4 c6 3. cxd5 cxd5 4. Bf4 Nc6 5. Nf3 Nf6 6. e3 Bf5 7. Nc3 e6 8. Be2
Ne4 9. Nxe4 Bxe4 10. O-O Be7 11. Nd2 Bg6 12. a3 O-O 13. b4 Qb6 14. Nb3 Rfc8 15.
Qd2 Nxb4 16. Nc5 Nc6 17. Rfc1 Bxc5 18. Rxc5 Ne7 19. Rb5 Qc6 20. Rb2 Qd7 21. h4
h6 22. h5 Bh7 23. Qb4 Rc2 24. Qxb7 Qxb7 25. Rxb7 Rxe2 26. Rxe7 Bf5 27. Rc1 Bg4
28. Rcc7 Bxh5 29. Rxa7 Rxa7 30. Rxa7 Ra2 31. a4 Be2 32. a5 Bc4 33. Bd6 Bd3
1/2-1/2

[Event "XI GRAN TORNEO INTERNACIONAL AFICIONADOS"]
[Site "Benidorm (Alicante - SPAIN)"]
[Date "2012.12.03"]
[Round "4"]
[White "Ridameya Tatche, Jose Miguel"]
[Black "Camacho Calle, Pedro"]
[Result "1/2-1/2"]
[WhiteElo "1988"]
[BlackElo "2103"]
[PlyCount "31"]
[EventDate "2012.11.30"]
[EventRounds "10"]
[EventCountry "ESP"]

1. e4 c5 2. Nf3 e6 3. b4 b6 4. bxc5 bxc5 5. Nc3 Nc6 6. Rb1 d6 7. d4 Qa5 8. Bd2
cxd4 9. Nb5 Qd8 10. Nbxd4 Nxd4 11. Nxd4 a6 12. Qf3 e5 13. Nb3 Be6 14. Bd3 Nf6
15. Qe2 Qc8 16. O-O 1/2-1/2

[Event "XI GRAN TORNEO INTERNACIONAL AFICIONADOS"]
[Site "Benidorm (Alicante - SPAIN)"]
[Date "2012.12.03"]
[Round "4"]
[White "Rygg, Snorre"]
[Black "Do Santos Julio, Joao Manuel"]
[Result "0-1"]
[WhiteElo "1823"]
[BlackElo "2087"]
[PlyCount "88"]
[EventDate "2012.11.30"]
[EventRounds "10"]
[EventCountry "ESP"]

1. e4 c5 2. Nf3 e6 3. d4 cxd4 4. Nxd4 Nf6 5. Nc3 Bb4 6. f3 d5 7. Bb5+ Bd7 8. e5
Ng8 9. O-O a6 10. Bd3 Bc5 11. Be3 Nc6 12. Nce2 Nxe5 13. Kh1 Nxd3 14. Qxd3 Qb6
15. b4 Bf8 16. a4 Qc7 17. b5 Nf6 18. Rfc1 e5 19. Nb3 Be6 20. f4 Bd6 21. b6 Qb8
22. Rf1 e4 23. Qd2 O-O 24. f5 Bd7 25. Bg5 Be5 26. Rad1 Bxa4 27. Bxf6 Bxf6 28.
Qxd5 Bc6 29. Qd2 Rd8 30. Qe3 Rxd1 31. Rxd1 Qe5 32. Ng3 Bh4 33. Qd4 Bxg3 34.
hxg3 Qxd4 35. Rxd4 e3 36. Rd1 a5 37. Re1 Kf8 38. Rxe3 a4 39. Nd4 a3 40. Re1 Bd5
41. Nb3 a2 42. Ra1 Ra3 43. Kg1 Ke7 44. Kf2 Kd6 0-1

[Event "XI GRAN TORNEO INTERNACIONAL AFICIONADOS"]
[Site "Benidorm (Alicante - SPAIN)"]
[Date "2012.12.03"]
[Round "4"]
[White "Mascarell Canet, Ricardo"]
[Black "Sarto Ramos, Angel"]
[Result "0-1"]
[WhiteElo "2035"]
[BlackElo "1974"]
[PlyCount "23"]
[EventDate "2012.11.30"]
[EventRounds "10"]
[EventCountry "ESP"]

1. e4 g6 2. d4 c6 3. Nc3 d5 4. e5 Bf5 5. Bf4 h5 6. Be2 e6 7. Nf3 Be7 8. Qd2 Nd7
9. h3 h4 10. O-O-O g5 11. g4 hxg3 12. Ng1 {Ilegible} 0-1

[Event "XI GRAN TORNEO INTERNACIONAL AFICIONADOS"]
[Site "Benidorm (Alicante - SPAIN)"]
[Date "2012.12.03"]
[Round "4"]
[White "Cartagena Sanchez, Javier"]
[Black "Sokalskaja, Elena"]
[Result "1-0"]
[WhiteElo "2018"]
[BlackElo "2045"]
[PlyCount "38"]
[EventDate "2012.11.30"]
[EventRounds "10"]
[EventCountry "ESP"]

1. e4 c6 2. d4 d5 3. f3 e6 4. Nc3 Bb4 5. Nge2 dxe4 6. fxe4 Qh4+ 7. Ng3 Nf6 8.
Qf3 Nbd7 9. Bf4 g5 10. Bc7 g4 11. Qe3 c5 12. d5 Nh5 13. dxe6 Ndf6 14. Bb5+ Ke7
15. O-O-O fxe6 16. e5 Bxc3 17. exf6+ Bxf6 18. Nf5+ Kf7 19. Nxh4 Rg8 1-0

[Event "XI GRAN TORNEO INTERNACIONAL AFICIONADOS"]
[Site "Benidorm (Alicante - SPAIN)"]
[Date "2012.12.04"]
[Round "5"]
[White "Tejedor Fuentes, Enrique"]
[Black "Tscharotschkin, Michael"]
[Result "1-0"]
[WhiteElo "2297"]
[BlackElo "2219"]
[PlyCount "67"]
[EventDate "2012.11.30"]
[EventRounds "10"]
[EventCountry "ESP"]

1. e4 e6 2. d4 d5 3. Nd2 Nf6 4. Bd3 c5 5. c3 Nc6 6. Ngf3 cxd4 7. cxd4 Nb4 8.
Bb1 dxe4 9. Nxe4 Nbd5 10. O-O Be7 11. a3 b6 12. Ne5 Bd7 13. Re1 Rc8 14. Ng5 O-O
15. Qd3 g6 16. Ngf3 Nh5 17. Bh6 Re8 18. Nxf7 Kxf7 19. Ne5+ Kg8 20. Nxg6 Ndf6
21. Ne5 Bf8 22. Bg5 Re7 23. Ba2 Rc7 24. Qf3 Bg7 25. g4 Be8 26. gxh5 Bxh5 27.
Qh3 Qe8 28. Qh4 Qa8 29. Re3 Qc8 30. Bxf6 Rc1+ 31. Rxc1 Qxc1+ 32. Kg2 Bxf6 33.
Qxf6 Rg7+ 34. Rg3 1-0